| 000 | 02852cam a22005654i 4500 | ||
|---|---|---|---|
| 003 | PE-LiUPU | ||
| 005 | 20250731165515.0 | ||
| 008 | 180709s2017 ck a r0 000 0 spa d | ||
| 020 | _a9789587727326 | ||
| 035 | _a(Sirsi) a249176 | ||
| 040 |
_aPE-LiUPU _bspa _cPE-LiUPU _erda |
||
| 049 | _aPRUA | ||
| 082 | 0 | 4 |
_a079.861 _bI61 _221 |
| 130 | 2 | _aInternational Conference of Journalism. | |
| 245 | 1 | 0 |
_aPeriodismo del siglo XXI : _bintimidad, control social y otras nuevas fronteras: memorias Encuentro Internacional de Periodismo - 2016 / _corganizan Cámara Colombiana del Libro [y] Facultad de Comunicación Social -- Periodismo, Universidad Externado de Colombia ; coordinación editorial, Guido Tamayo. |
| 250 | _aPrimera edición. | ||
| 264 | 1 |
_aBogotá : _bUniversidad Externado de Colombia, _c2017. |
|
| 300 |
_a227 páginas : _bilustraciones ; _c21 centímetros. |
||
| 336 |
_atext _2rdacontent |
||
| 337 |
_aunmediated _2rdamedia |
||
| 338 |
_avolume _2rdacarrier |
||
| 490 | 0 |
_aColección Encuentro Internacional de Periodismo ; _v8 |
|
| 505 | 0 | _aFronteras, rigidez y laxitud en un mundo que ya no sabe creer -- sesión inaugural: una agenda periodística si lugar para tabúes -- la reinvención de los formatos tradicionales -- producción de información: nuevos actores claves -- refugiados y otras catástrofes humanas que se hacen visibles y se globalizan -- conversación con svetlana alexiévich -- conversación con Alfredo Molano -- derecho a la intimidada y derecho a la información, el eterno debate irresuelto -- renunciar a la intimidad para exponer un problema público -- la nueva construcción de la noticia. | |
| 526 | _aSEG44 | ||
| 526 | _aSEG26 | ||
| 526 | _aP151 | ||
| 526 | _aP150 | ||
| 526 | _aP149 | ||
| 526 | _aP146 | ||
| 526 | _aP145 | ||
| 526 | _aP126 | ||
| 526 | _aP125 | ||
| 526 | _aP92 | ||
| 526 | _aP75 | ||
| 526 | _aP74 | ||
| 526 | _aP27 | ||
| 526 | _aP15 | ||
| 541 | _g001-003608; | ||
| 650 | 0 | 4 | _aControl social. |
| 650 | 0 | 4 |
_aPeriodismo. _9384 |
| 700 | 1 |
_aTamayo, Guido Leonardo, _eeditor. |
|
| 710 | 2 | _aCámara Colombiana del libro. | |
| 710 | 2 |
_aUniversidad Externado de Colombia. _bFacultad de Comunicación Social-Periodismo. |
|
| 910 |
_admb _bksl _cksl _d20180709 |
||
| 942 |
_2ddc _cBOOK |
||
| 994 |
_aC0 _bPEPRU |
||
| 596 | _a1 | ||
| 999 |
_a079.861 I61 _wDEWEY _c28761 _i78902 _d28761 _e2019-9-1 _f2021-11-8 _g5 _lCCODEBUL1 _mBUL _n2 _p28.39 _r0 _sY _tBOOK _u2018-7-9 _xEDUCACION _PP07 _0COMPRA _1FCOMPRA _o.STAFF. Colección Ciencias Humanas y Educación |
||
| 999 |
_a079.861 I61 _wDEWEY _c2 _i78903 _d2019-9-2 _e2019-8-26 _f2021-11-8 _g5 _lCCODEBUL1 _mBUL _n2 _p28.39 _r0 _sY _tBOOK _u2018-7-9 _xEDUCACION _PP07 _0COMPRA _1FCOMPRA _o.STAFF. Colección Ciencias Humanas y Educación |
||
| 980 |
_81 _gALBERTO SANCHEZ Responsable de Automatización |
||